[Event "7th European Individual Senior Champion."]
[Site "Hockenheim, Germany"]
[Date "2007.06.06"]
[Round "5.73"]
[White "Zakharova, Lidiya"]
[Black "Wanner, Georges"]
[Result "1/2-1/2"]
[WhiteElo "1938"]
[BlackElo "1770"]
[PlyCount "107"]
[EventDate "2007.??.??"]

1. d4 Nf6 2. c4 g6 3. Nf3 Bg7 4. g3 d6 5. Bg2 O-O 6. O-O c6 7. Nc3 Qa5 8. e4
Nbd7 9. h3 Re8 10. Be3 Qc7 11. Rc1 a6 12. a4 c5 13. Nd5 Nxd5 14. cxd5 c4 15.
Qb3 b5 16. axb5 axb5 17. Qxb5 Ba6 18. Qc6 Rec8 19. Qxc7 Rxc7 20. Rc3 Rb8 21.
Ra1 Bc8 22. Ra2 Nb6 23. Bf1 Bd7 24. Nd2 Rbc8 25. Ra6 Na4 26. Rxc4 Rxc4 27. Nxc4
Bb5 28. Rxa4 Bxa4 29. Nb6 Rb8 30. Nxa4 Rb4 31. Nc3 Rxb2 32. Ne2 Rb7 33. h4 h6
34. Bh3 Rb1+ 35. Bf1 Rb4 36. f4 Rb3 37. Kf2 Rb2 38. Bh3 Ra2 39. e5 Rb2 40. Kf3
Rb1 41. Bg2 f5 42. Kf2 h5 43. Bd2 Rb6 44. Ke3 Rb3+ 45. Nc3 Rb7 46. Bf1 Ra7 47.
Bd3 Ra1 48. Bb1 Kf7 49. Bd3 Rg1 50. Kf2 Ra1 51. Bb1 Ra6 52. Ke3 Rb6 53. Kd3 Ra6
54. Ba2 1/2-1/2

[Event "7th European Individual Senior Champion."]
[Site "Hockenheim, Germany"]
[Date "2007.06.06"]
[Round "5.74"]
[White "Gonzalo Gonzalez, Francisco"]
[Black "Yusym, Anatoly"]
[Result "1-0"]
[WhiteElo "1914"]
[BlackElo "1759"]
[PlyCount "115"]
[EventDate "2007.??.??"]

1. e4 c5 2. Nf3 d6 3. c3 Nc6 4. Bc4 Nf6 5. d3 h6 6. Bf4 a6 7. e5 Nh5 8. Bg3
Nxg3 9. fxg3 Na5 10. Nbd2 Nxc4 11. Nxc4 d5 12. Ne3 e6 13. O-O Be7 14. Ng4 Bd7
15. b3 Bc6 16. h4 h5 17. Ne3 d4 18. cxd4 cxd4 19. Nc2 Bc5 20. Rc1 a5 21. Kh2
Bxf3 22. Qxf3 Qd7 23. Rf2 g6 24. Ne1 Bb4 25. Nc2 Rc8 26. Rcf1 Rf8 27. Nxb4 axb4
28. Qe4 Ke7 29. Rf4 Qb5 30. Qxd4 Rcd8 31. Qxb4+ Qxb4 32. Rxb4 Rxd3 33. Rxb7+
Rd7 34. Rxd7+ Kxd7 35. Rc1 Ra8 36. Rc2 Ra5 37. Re2 Kc6 38. Kg1 Kd5 39. Kf2 Kd4
40. Kf3 Rxe5 41. Rxe5 Kxe5 42. Ke3 Kd5 43. a4 Kc5 44. Ke4 f6 45. a5 Kb5 46. b4
Ka6 47. Kd4 Kb5 48. Ke4 Ka6 49. Kf4 e5+ 50. Kf3 Kb5 51. g4 hxg4+ 52. Kxg4 f5+
53. Kf3 Ka6 54. g3 Kb5 55. g4 e4+ 56. Kf4 e3 57. Kxe3 fxg4 58. Kf4 1-0

[Event "7th European Individual Senior Champion."]
[Site "Hockenheim, Germany"]
[Date "2007.06.06"]
[Round "5.75"]
[White "Lapitskaya, Galina"]
[Black "Diaz Begonte, Manuel"]
[Result "0-1"]
[WhiteElo "1401"]
[BlackElo "1865"]
[PlyCount "62"]
[EventDate "2007.??.??"]

1. c4 c6 2. Nc3 d5 3. d4 Bf5 4. e3 e6 5. cxd5 exd5 6. g3 Nf6 7. Bg2 Be7 8. Nge2
Nbd7 9. a3 Nb6 10. O-O O-O 11. b3 Qd7 12. Nf4 Rfe8 13. Nh5 Nxh5 14. Qxh5 Bg4
15. Qe5 Bb4 16. Qxe8+ Rxe8 17. axb4 a6 18. e4 dxe4 19. Nxe4 Bf5 20. Nc5 Qxd4
21. Be3 Qxb4 22. Nxb7 Nd5 23. Na5 Nxe3 24. fxe3 Be4 25. Ra4 Qb6 26. Bxe4 Qxe3+
27. Kg2 Rxe4 28. Rxe4 Qxe4+ 29. Rf3 g5 30. Kf2 Qc2+ 31. Kg1 Qe4 0-1

[Event "7th European Individual Senior Champion."]
[Site "Hockenheim, Germany"]
[Date "2007.06.06"]
[Round "5.76"]
[White "Kuhn, Arno"]
[Black "Rieger, Helmut"]
[Result "1/2-1/2"]
[WhiteElo "1863"]
[BlackElo "1660"]
[PlyCount "63"]
[EventDate "2007.??.??"]

1. d4 d5 2. Nf3 e6 3. c4 Nf6 4. e3 Be7 5. Nc3 O-O 6. Bd3 dxc4 7. Bxc4 b6 8. O-O
Bb7 9. Qe2 c5 10. Rd1 a6 11. dxc5 Qc7 12. cxb6 Qxb6 13. b3 Nc6 14. Bb2 Na5 15.
Na4 Qc6 16. Bd3 Nd5 17. Rac1 Qd7 18. e4 Nf4 19. Qf1 Nxd3 20. Rxd3 Qe8 21. Qe2
Nc6 22. Nb6 Rd8 23. Rcd1 Rxd3 24. Rxd3 Nb8 25. Ne5 Qb5 26. Nbc4 f6 27. Nf3 e5
28. Ba3 Bxa3 29. Nxa3 Qc6 30. Nc4 Qxe4 31. Qxe4 Bxe4 32. Rd6 1/2-1/2

[Event "7th European Individual Senior Champion."]
[Site "Hockenheim, Germany"]
[Date "2007.06.06"]
[Round "5.77"]
[White "Pfister, Valentina-Rodina"]
[Black "Bartle, Georg"]
[Result "1/2-1/2"]
[WhiteElo "1566"]
[BlackElo "1724"]
[PlyCount "77"]
[EventDate "2007.??.??"]

1. e4 d5 2. exd5 Qxd5 3. Nc3 Qa5 4. Nf3 Bf5 5. Bc4 Nf6 6. O-O c6 7. d4 Nbd7 8.
Bf4 e6 9. Nh4 Bg4 10. Nf3 Bb4 11. Nb1 Ne4 12. c3 Bd6 13. Bxd6 Nxd6 14. Bb3 Nf6
15. Qd3 Qh5 16. Nbd2 Bf5 17. Qe2 g5 18. Rfe1 Nde4 19. Nxe4 Bxe4 20. Ne5 g4 21.
Bd1 Bf5 22. f3 Rg8 23. fxg4 Nxg4 24. Nxg4 Bxg4 25. Qe5 Qg6 26. Bxg4 Qxg4 27.
Qe4 h5 28. Qxg4 hxg4 29. Re3 a5 30. a4 Kd7 31. c4 Rad8 32. Rd1 Kc7 33. Kf2 Rge8
34. Red3 Rd7 35. Kg3 f5 36. Kf4 Rf7 37. h4 Kd6 38. g3 b6 39. b3 1/2-1/2

[Event "7th European Individual Senior Champion."]
[Site "Hockenheim, Germany"]
[Date "2007.06.06"]
[Round "5.78"]
[White "Schuller, Erhard"]
[Black "Ivanova, Marianna"]
[Result "0-1"]
[WhiteElo "1791"]
[BlackElo "1761"]
[PlyCount "74"]
[EventDate "2007.??.??"]

1. e4 Nc6 2. Nf3 d6 3. h3 g6 4. c3 Bg7 5. d4 e6 6. Bb5 Nge7 7. O-O O-O 8. Re1
a6 9. Bf1 Na7 10. Be3 b6 11. e5 Bb7 12. exd6 Qxd6 13. Na3 b5 14. Nc2 Nf5 15.
Bd2 Rfe8 16. Ne3 Ne7 17. Nh2 c5 18. dxc5 Qxc5 19. Qe2 Qc7 20. Neg4 Nf5 21. Bf4
Qxf4 22. g3 Qc7 23. Ne3 Nxe3 24. Qxe3 Nc8 25. Rad1 Nd6 26. Bg2 Nf5 27. Qc1 Bxg2
28. Kxg2 Rad8 29. Kg1 Rxd1 30. Rxd1 h5 31. Nf1 Qc4 32. a3 e5 33. Qd2 e4 34. Qd7
Rf8 35. g4 hxg4 36. hxg4 Nh4 37. Ne3 Qe2 0-1

[Event "7th European Individual Senior Champion."]
[Site "Hockenheim, Germany"]
[Date "2007.06.06"]
[Round "5.79"]
[White "Thonig, Manfred"]
[Black "Luebbers, Doris Dr"]
[Result "1-0"]
[WhiteElo "1755"]
[BlackElo "1668"]
[PlyCount "103"]
[EventDate "2007.??.??"]

1. f4 d5 2. e3 Nf6 3. d4 g6 4. Nd2 Bg7 5. Bd3 Bg4 6. Ngf3 Nbd7 7. O-O O-O 8.
Qe1 Bxf3 9. Rxf3 c5 10. c3 Rc8 11. Rh3 Re8 12. Nf3 c4 13. Bc2 b5 14. Qh4 Nf8
15. g4 Ne4 16. a4 a6 17. Bxe4 dxe4 18. Ng5 h6 19. Nxe4 f6 20. Ng3 Qd5 21. e4
Qb7 22. a5 e6 23. Bd2 Kf7 24. Re1 Re7 25. f5 g5 26. Qh5+ Kg8 27. fxe6 Rxe6 28.
d5 Re5 29. Nf5 Rxf5 30. gxf5 Qf7 31. Qxf7+ Kxf7 32. Rg3 Nd7 33. h4 Ne5 34. hxg5
hxg5 35. Kg2 Rh8 36. Rh1 Rxh1 37. Kxh1 Nd3 38. Be3 Nxb2 39. Bd4 Nd3 40. Be3 Ne5
41. Bd4 Nd3 42. Kg2 Nf4+ 43. Kf3 Nd3 44. Rg1 Nf4 45. Rb1 Bf8 46. Rh1 Bg7 47.
Rh7 Nd3 48. Kg4 Kg8 49. Rh1 Nf4 50. Rb1 Kf7 51. Rxb5 axb5 52. a6 1-0

[Event "7th European Individual Senior Champion."]
[Site "Hockenheim, Germany"]
[Date "2007.06.07"]
[Round "6.1"]
[White "Rotstein, Efim"]
[Black "Jansa, Vlastimil"]
[Result "1/2-1/2"]
[WhiteElo "2371"]
[BlackElo "2499"]
[PlyCount "82"]
[EventDate "2007.??.??"]

1. f4 g6 2. Nf3 Bg7 3. e3 d6 4. d4 Nf6 5. Bd3 O-O 6. Nbd2 Nc6 7. e4 e5 8. fxe5
dxe5 9. d5 Nb4 10. Be2 c6 11. c3 Na6 12. Bxa6 bxa6 13. dxc6 Qb6 14. Qe2 Nh5 15.
Nc4 Qxc6 16. Ncxe5 Qc7 17. Nd3 a5 18. O-O Ba6 19. Be3 Qc4 20. Rad1 Qxe4 21. Qd2
Rad8 22. Bd4 Qd5 23. a3 Rfe8 24. Rfe1 Bxd4+ 25. Nxd4 Bxd3 26. Qxd3 Rxe1+ 27.
Rxe1 Qxg2+ 28. Kxg2 Nf4+ 29. Kf3 Nxd3 30. Re7 Nxb2 31. Rxa7 Rc8 32. Nb5 a4 33.
Ke4 h5 34. Kd5 Nc4 35. Kd4 Nd2 36. Nd6 Nf3+ 37. Kd5 Rxc3 38. Nxf7 Nxh2 39. Ne5
Rxa3 40. Nxg6 Ra1 41. Ke6 Re1+ 1/2-1/2

[Event "7th European Individual Senior Champion."]
[Site "Hockenheim, Germany"]
[Date "2007.06.07"]
[Round "6.3"]
[White "Klovans, Janis"]
[Black "Khanukov, Boris"]
[Result "1/2-1/2"]
[WhiteElo "2441"]
[BlackElo "2358"]
[PlyCount "75"]
[EventDate "2007.??.??"]

1. e4 g6 2. d4 Bg7 3. Nc3 c6 4. Nf3 d5 5. h3 dxe4 6. Nxe4 Nf6 7. Nxf6+ exf6 8.
Bc4 O-O 9. O-O Be6 10. Bxe6 fxe6 11. Re1 Re8 12. c3 Qd5 13. Qc2 Nd7 14. c4 Qd6
15. Qb3 b6 16. Be3 Rad8 17. Rad1 Nf8 18. Qc2 Qc7 19. Qc1 Qf7 20. Nd2 e5 21.
dxe5 Rxe5 22. Nf3 Ree8 23. b3 Ne6 24. Bh6 Rxd1 25. Rxd1 Rd8 26. Re1 Bxh6 27.
Qxh6 Rd6 28. Nh2 Qg7 29. Qe3 h5 30. Nf3 Qd7 31. Kh2 Kg7 32. Nh4 Ng5 33. Qe7+
Nf7 34. f4 Rd4 35. Nf3 Rd6 36. Re3 a5 37. Kg3 c5 38. Qxd7 1/2-1/2

[Event "7th European Individual Senior Champion."]
[Site "Hockenheim, Germany"]
[Date "2007.06.07"]
[Round "6.4"]
[White "Pushkov, Nikolai"]
[Black "Stull, Norbert"]
[Result "1-0"]
[WhiteElo "2522"]
[BlackElo "2144"]
[PlyCount "85"]
[EventDate "2007.??.??"]

1. d4 Nf6 2. c4 g6 3. Nc3 Bg7 4. Nf3 O-O 5. Bg5 d6 6. e3 Nbd7 7. Be2 e5 8. O-O
h6 9. Bh4 g5 10. dxe5 dxe5 11. Bg3 Nh5 12. Bxe5 Bxe5 13. Nxe5 Nxe5 14. Bxh5
Qxd1 15. Raxd1 Nxc4 16. b3 Nb6 17. Nb5 c6 18. Nd6 Rb8 19. e4 Be6 20. f4 gxf4
21. Rxf4 Rbd8 22. Nxb7 Rxd1+ 23. Bxd1 Nd7 24. Rf2 Rb8 25. Na5 Ne5 26. Rc2 Rd8
27. Be2 Rd4 28. Kf2 Rxe4 29. Nxc6 Nxc6 30. Rxc6 Rd4 31. Ke3 Rd7 32. Bf3 Kg7 33.
Ra6 Kf8 34. b4 Ke7 35. a3 Kf8 36. Rc6 Kg7 37. b5 Bb3 38. Rc3 Ba4 39. Bc6 Rc7
40. Rc4 Bb3 41. Rb4 Be6 42. Kd4 Kf6 43. Kc5 1-0

[Event "7th European Individual Senior Champion."]
[Site "Hockenheim, Germany"]
[Date "2007.06.07"]
[Round "6.6"]
[White "Rashkovsky, Nukhim N"]
[Black "Neese, Hans-Joachim"]
[Result "1-0"]
[WhiteElo "2496"]
[BlackElo "2287"]
[PlyCount "56"]
[EventDate "2007.??.??"]

1. d4 Nf6 2. Nf3 d5 3. c4 e6 4. e3 Nbd7 5. Nc3 Be7 6. b3 O-O 7. Bd3 b6 8. O-O
Bb7 9. Bb2 Ne4 10. Qc2 f5 11. Rac1 c6 12. Ne2 Bd6 13. Ne5 Rc8 14. Nf4 Qe7 15.
f3 Ng5 16. cxd5 cxd5 17. Qe2 Nxe5 18. dxe5 Bc5 19. Bd4 Ba3 20. Rcd1 Rc7 21. h4
Nf7 22. Qf2 g6 23. g4 Nh6 24. Qg3 Kh8 25. Rd2 Rg8 26. Rg2 Rg7 27. Kh1 Bc8 28.
Rfg1 Bd7 1-0

[Event "7th European Individual Senior Champion."]
[Site "Hockenheim, Germany"]
[Date "2007.06.07"]
[Round "6.7"]
[White "Fronczek, Heinrich"]
[Black "Butnorius, Algimantas"]
[Result "0-1"]
[WhiteElo "2285"]
[BlackElo "2402"]
[PlyCount "68"]
[EventDate "2007.??.??"]

1. d4 Nf6 2. g3 c5 3. d5 e6 4. c4 exd5 5. cxd5 d6 6. Nc3 g6 7. Bg2 Bg7 8. e4
O-O 9. Nge2 Re8 10. a4 Na6 11. h3 Nb4 12. O-O b6 13. f3 Ba6 14. Nb5 Bxb5 15.
axb5 a6 16. bxa6 b5 17. Nc3 c4 18. Be3 Nd3 19. Qd2 b4 20. Nd1 Nh5 21. Bf2 f5
22. exf5 gxf5 23. f4 Qf6 24. a7 Nxf2 25. Qxf2 Qd4 26. Kh2 Qxf2 27. Rxf2 Bd4 28.
Rc2 Bxa7 29. Rac1 c3 30. bxc3 b3 31. Rb2 Re1 32. Bf3 Nf6 33. Rxb3 Bg1+ 34. Kg2
Ra2+ 0-1

[Event "7th European Individual Senior Champion."]
[Site "Hockenheim, Germany"]
[Date "2007.06.07"]
[Round "6.8"]
[White "Sorensen, Bent"]
[Black "Donchenko, Anatoly G"]
[Result "1/2-1/2"]
[WhiteElo "2258"]
[BlackElo "2374"]
[PlyCount "41"]
[EventDate "2007.??.??"]

1. Nf3 c5 2. g3 g6 3. Bg2 Bg7 4. O-O Nc6 5. c4 d6 6. Nc3 Nf6 7. a3 O-O 8. Rb1
a5 9. Ne1 e6 10. e4 Rb8 11. Nc2 Ne8 12. b4 axb4 13. axb4 b6 14. Ne2 e5 15. d3
Nc7 16. f4 Nxb4 17. Nxb4 cxb4 18. Rxb4 Bg4 19. h3 Bxe2 20. Qxe2 b5 21. Be3
1/2-1/2

[Event "7th European Individual Senior Champion."]
[Site "Hockenheim, Germany"]
[Date "2007.06.07"]
[Round "6.9"]
[White "Van Den Berg, Ad"]
[Black "Ljubarskij, Jurij"]
[Result "1/2-1/2"]
[WhiteElo "2204"]
[BlackElo "2301"]
[PlyCount "77"]
[EventDate "2007.??.??"]

1. e4 e5 2. Nc3 Nc6 3. Nf3 Nf6 4. Bb5 Nd4 5. Ba4 c6 6. d3 Nxf3+ 7. Qxf3 d6 8.
h3 Be6 9. Bb3 Qd7 10. Be3 Be7 11. d4 exd4 12. Bxd4 O-O 13. O-O-O Bxb3 14. axb3
Qe6 15. Rhe1 Nd7 16. Qg4 Qxg4 17. hxg4 Rfe8 18. f3 f6 19. Rh1 h6 20. Rh5 Ne5
21. Kb1 Bf8 22. Rhh1 Kf7 23. Ne2 a5 24. Nc3 b5 25. Ka2 Reb8 26. Ra1 b4 27. Na4
Ke6 28. Rad1 Be7 29. Rd2 Ra6 30. Rhd1 Rh8 31. Bf2 c5 32. Rd5 Rc6 33. Bg3 Ra8
34. R1d2 g5 35. Bxe5 fxe5 36. Rd1 Rh8 37. Rh1 Bd8 38. c4 Rc8 39. Rh5 1/2-1/2

[Event "7th European Individual Senior Champion."]
[Site "Hockenheim, Germany"]
[Date "2007.06.07"]
[Round "6.10"]
[White "Fradkin, Boris"]
[Black "Erenska-Barlo, Hanna"]
[Result "1-0"]
[WhiteElo "2465"]
[BlackElo "2246"]
[PlyCount "87"]
[EventDate "2007.??.??"]

1. Nf3 Nf6 2. c4 e6 3. d4 Bb4+ 4. Nbd2 b6 5. g3 Bb7 6. Bg2 O-O 7. O-O a5 8. b3
Bc3 9. Rb1 Nc6 10. Bb2 Bxb2 11. Rxb2 d5 12. e3 Qe7 13. Qb1 a4 14. bxa4 Rxa4 15.
c5 Ba6 16. Rc1 b5 17. Rxb5 Rxa2 18. Qxa2 Bxb5 19. Rb1 Bd3 20. Rb7 h6 21. Qa4
Qd7 22. Bf1 Bxf1 23. Kxf1 g6 24. Nb3 Kg7 25. Na5 Nxa5 26. Qxa5 Ne8 27. Ne5 Qe7
28. Nc6 Qd7 29. Nb8 Qe7 30. Na6 e5 31. Nxc7 exd4 32. Nxe8+ Qxe8 33. Qa1 Qc6 34.
Qxd4+ Kg8 35. Rb6 Qa8 36. Rd6 Rc8 37. Rxd5 h5 38. h4 Qa6+ 39. Kg2 Qc6 40. e4
Qe8 41. Rd6 Qe7 42. Qd5 Kg7 43. e5 Kf8 44. c6 1-0

[Event "7th European Individual Senior Champion."]
[Site "Hockenheim, Germany"]
[Date "2007.06.07"]
[Round "6.12"]
[White "Uhlmann, Wolfgang"]
[Black "Ljuboschitz, Alexander"]
[Result "1/2-1/2"]
[WhiteElo "2419"]
[BlackElo "2234"]
[PlyCount "26"]
[EventDate "2007.??.??"]

1. c4 g6 2. e4 Bg7 3. d4 d6 4. Nc3 Nf6 5. Be2 O-O 6. Bg5 Nbd7 7. Qd2 a6 8. Nf3
Rb8 9. O-O b5 10. a3 Bb7 11. cxb5 axb5 12. Qc2 c5 13. dxc5 Nxc5 1/2-1/2

[Event "7th European Individual Senior Champion."]
[Site "Hockenheim, Germany"]
[Date "2007.06.07"]
[Round "6.13"]
[White "Kock, Hans-Uwe"]
[Black "Kremenietsky, Anatoly M"]
[Result "0-1"]
[WhiteElo "2137"]
[BlackElo "2353"]
[PlyCount "92"]
[EventDate "2007.??.??"]

1. d4 Nf6 2. c4 g6 3. Nc3 Bg7 4. e4 d6 5. h3 O-O 6. Be3 Nbd7 7. g4 c5 8. d5 a6
9. a4 Ne8 10. Nge2 Nc7 11. Ng3 Rb8 12. Be2 e6 13. Qd2 exd5 14. exd5 Re8 15. O-O
Ne5 16. Bg5 f6 17. Be3 Nf7 18. Kg2 Bd7 19. a5 b5 20. axb6 Rxb6 21. Rab1 Qc8 22.
f4 f5 23. gxf5 Nh6 24. fxg6 Bxh3+ 25. Kh2 Bxf1 26. gxh7+ Kh8 27. Rxf1 Ng4+ 28.
Bxg4 Qxg4 29. Nd1 Re7 30. Kg2 Bf6 31. Rh1 Rb3 32. Nf2 Qg6 33. f5 Qg7 34. Nd3
Qg4 35. Nf4 Rg7 36. Ng6+ Rxg6 37. fxg6 Rxb2 38. Qxb2 Bxb2 39. Rb1 Qxc4 40. Rxb2
Qxd5+ 41. Kh2 Qe6 42. Rb7 Qxe3 43. Rxc7 Qh6+ 44. Kg2 Qxg6 45. Kf3 d5 46. Rxc5
Qd3+ {rest der partie unleserlich} 0-1

[Event "7th European Individual Senior Champion."]
[Site "Hockenheim, Germany"]
[Date "2007.06.07"]
[Round "6.14"]
[White "Hvenekilde, Jorgen"]
[Black "Kaminik, Aleksandar"]
[Result "1-0"]
[WhiteElo "2221"]
[BlackElo "2314"]
[PlyCount "85"]
[EventDate "2007.??.??"]

1. d4 Nf6 2. c4 g6 3. Nc3 Bg7 4. e4 d6 5. Be2 O-O 6. Be3 Nbd7 7. Qd2 e5 8. d5
Nc5 9. f3 a5 10. g4 Ne8 11. O-O-O f5 12. gxf5 gxf5 13. h4 Nf6 14. h5 fxe4 15.
h6 Bh8 16. Nh3 exf3 17. Bxf3 Bf5 18. Rhg1+ Kf7 19. Ng5+ Ke7 20. Bxc5 dxc5 21.
Rge1 Ne8 22. Be4 Nd6 23. Bxf5 Rxf5 24. Ne6 Qg8 25. Nb5 Qg4 26. Nbxc7 Qxc4+ 27.
Kb1 Rg8 28. Rc1 Qb4 29. Qh2 b6 30. Ng7 Bxg7 31. hxg7 Kd7 32. Ne6 Nc4 33. Re2 h5
34. Qh3 Nd6 35. Rg1 c4 36. Rxe5 c3 37. Re2 cxb2 38. Rc2 Qe4 39. Qc3 Rxd5 40.
Nf8+ Ke7 41. Re1 Rd1+ 42. Rxd1 Nb5 43. Rd7+ 1-0

[Event "7th European Individual Senior Champion."]
[Site "Hockenheim, Germany"]
[Date "2007.06.07"]
[Round "6.15"]
[White "Ziltener Werner"]
[Black "Rosen, Willy"]
[Result "0-1"]
[WhiteElo "2075"]
[BlackElo "2279"]
[PlyCount "116"]
[EventDate "2007.??.??"]

1. d4 Nf6 2. Nf3 e6 3. g3 b6 4. Bg2 Bb7 5. O-O Be7 6. c4 O-O 7. d5 Ne4 8. Nc3
Nxc3 9. bxc3 Na6 10. e4 Nc5 11. e5 Ba6 12. Qd4 exd5 13. Qxd5 c6 14. Qd4 d5 15.
exd6 Bxd6 16. Rd1 Bc7 17. Be3 Qe7 18. Qg4 f5 19. Qg5 Qxg5 20. Nxg5 Bxc4 21.
Bxc5 bxc5 22. Rd7 Bb6 23. Bxc6 Rad8 24. a4 h6 25. Nf3 Rxd7 26. Bxd7 Ba5 27. Re1
f4 28. Bc6 Rf6 29. Nd2 Bf7 30. Ba8 fxg3 31. hxg3 c4 32. Ne4 Rb6 33. Rd1 Rb3 34.
Nd6 Rxc3 35. Nxf7 Kxf7 36. Rd7+ Kf6 37. Rxa7 Rxg3+ 38. Kf1 Rg5 39. Ra6+ Ke7 40.
Ra7+ Kf8 41. Be4 Rc5 42. Ra8+ Kf7 43. Ra7+ Kf6 44. f4 c3 45. Ra6+ Ke7 46. Ra7+
Bc7 47. Bc2 Kd7 48. Ke1 h5 49. f5 h4 50. Ra8 h3 51. Rh8 h2 52. Kd1 Rd5+ 53. Kc1
Bf4+ 54. Kb1 Rd2 55. Rh3 Re2 56. Rd3+ Ke7 57. Rd1 Be3 58. Be4 c2+ 0-1

[Event "7th European Individual Senior Champion."]
[Site "Hockenheim, Germany"]
[Date "2007.06.07"]
[Round "6.16"]
[White "Schippan, Bernd"]
[Black "Otto, Klaus"]
[Result "1-0"]
[WhiteElo "2266"]
[BlackElo "1522"]
[PlyCount "79"]
[EventDate "2007.??.??"]

1. e4 e6 2. d4 d5 3. e5 c5 4. c3 Bd7 5. Nf3 Nc6 6. a3 Nge7 7. b4 cxd4 8. cxd4
Nf5 9. Nc3 a6 10. Be3 b5 11. Bd3 Nxe3 12. fxe3 Be7 13. O-O O-O 14. e4 dxe4 15.
Bxe4 Rc8 16. Rc1 f5 17. Bb1 Be8 18. Ba2 Bf7 19. Kh1 Kh8 20. Qd3 Qd7 21. Qe3 h6
22. Rfd1 Bh5 23. d5 exd5 24. Nxd5 Qe8 25. Re1 Bxf3 26. gxf3 Bh4 27. Re2 Nb8 28.
Rxc8 Qxc8 29. Bb3 Qc6 30. Rc2 Qg6 31. Nf4 Qe8 32. Ne6 f4 33. Qe4 Rf7 34. Nxf4
Rxf4 35. Qxf4 Qd8 36. Qf5 Qd1+ 37. Kg2 Nc6 38. Qf8+ Kh7 39. Qg8+ Kg6 40. Rxc6+
1-0

[Event "7th European Individual Senior Champion."]
[Site "Hockenheim, Germany"]
[Date "2007.06.07"]
[Round "6.17"]
[White "Arkhangelsky, Boris"]
[Black "Estrada Martinez, Cesar"]
[Result "1/2-1/2"]
[WhiteElo "2355"]
[BlackElo "2208"]
[PlyCount "72"]
[EventDate "2007.??.??"]

1. Nf3 d5 2. d4 Nf6 3. c4 c6 4. Nc3 g6 5. Bf4 Bg7 6. e3 O-O 7. h3 Nbd7 8. Be2
dxc4 9. Bxc4 Qa5 10. O-O Nb6 11. Bd3 Nbd5 12. Nxd5 Nxd5 13. Bg3 c5 14. Qb3 cxd4
15. exd4 Nb4 16. Rfc1 Nxd3 17. Qxd3 Re8 18. Rc5 Qb6 19. Qc3 Bf5 20. Bc7 Qa6 21.
Be5 Rac8 22. Bxg7 Kxg7 23. Re1 Rxc5 24. dxc5+ Kg8 25. a3 Qd3 26. Qb4 Qd5 27.
Re5 Qc6 28. Re3 Qc7 29. Qa4 Ra8 30. Qh4 f6 31. Qc4+ Kf8 32. g4 Bd7 33. Nd4 e5
34. Ne6+ Bxe6 35. Qxe6 Qe7 36. Qxe7+ Kxe7 {rest der partie unleserlich} 1/2-1/2

[Event "7th European Individual Senior Champion."]
[Site "Hockenheim, Germany"]
[Date "2007.06.07"]
[Round "6.19"]
[White "Bakhmatov, Eduard"]
[Black "Siegmund, Rainer"]
[Result "1/2-1/2"]
[WhiteElo "2351"]
[BlackElo "2179"]
[PlyCount "107"]
[EventDate "2007.??.??"]

1. e4 c5 2. Nf3 Nc6 3. Bb5 g6 4. c3 Nf6 5. e5 Nd5 6. O-O Bg7 7. d4 cxd4 8. cxd4
O-O 9. Nc3 Nxc3 10. bxc3 d6 11. exd6 Qxd6 12. Qa4 Rd8 13. Ba3 Qc7 14. Rfe1 e6
15. Bxc6 Qxc6 16. Qxc6 bxc6 17. Rab1 Ba6 18. Bc5 Bf8 19. Bxf8 Kxf8 20. Re5 Rab8
21. Rb4 Rxb4 22. cxb4 Bb5 23. Re3 Ke7 24. h4 f6 25. Ra3 Rd7 26. Kh2 Be2 27. Ng1
Bb5 28. Kg3 h5 29. Nf3 Be2 30. Ne1 Rxd4 31. Rxa7+ Kd6 32. a3 g5 33. hxg5 fxg5
34. Nc2 Rg4+ 35. Kh2 Rh4+ 36. Kg1 Rc4 37. Ne3 Rc3 38. a4 Rb3 39. Rb7 g4 40. g3
Bf3 41. Nc4+ Kd5 42. Nd2 Ra3 43. Rd7+ Ke5 44. Nxf3+ gxf3 45. Rh7 Ra1+ 46. Kh2
Rf1 47. Rxh5+ Kd4 48. g4 Rxf2+ 49. Kg3 Ra2 50. a5 f2 51. Rh1 c5 52. bxc5 Kxc5
53. Rf1 Rxa5 54. Rxf2 1/2-1/2

[Event "7th European Individual Senior Champion."]
[Site "Hockenheim, Germany"]
[Date "2007.06.07"]
[Round "6.20"]
[White "Jaenig, Reinhard"]
[Black "Loktiev, Ivan"]
[Result "0-1"]
[WhiteElo "2176"]
[BlackElo "2350"]
[PlyCount "66"]
[EventDate "2007.??.??"]

1. e4 c5 2. Nf3 e6 3. d4 cxd4 4. Nxd4 a6 5. Be2 Nf6 6. Bf3 Qc7 7. O-O Bd6 8. h3
h5 9. Kh1 Be5 10. Nc3 b5 11. a4 bxa4 12. Rxa4 Bb7 13. Be3 Nc6 14. Qe2 Ne7 15.
g3 h4 16. g4 Ng6 17. Qc4 Qb8 18. Rfa1 O-O 19. Rb4 Rc8 20. Qb3 Rc7 21. g5 Ne8
22. Na4 Bd6 23. Rb6 Ne5 24. Be2 Bxe4+ 25. f3 Bb7 26. Bxa6 Rxa6 27. Rxa6 Nxf3
28. Nxf3 Bxf3+ 29. Kg1 Rb7 30. Qd3 Bh2+ 31. Kf1 Qg3 32. Ra8 Qg2+ 33. Ke1 Bg3+
0-1

[Event "7th European Individual Senior Champion."]
[Site "Hockenheim, Germany"]
[Date "2007.06.07"]
[Round "6.22"]
[White "Gruzmann, Boris"]
[Black "Jicman, Ligia-Letitia"]
[Result "1-0"]
[WhiteElo "2309"]
[BlackElo "2167"]
[PlyCount "141"]
[EventDate "2007.??.??"]

1. e4 c5 2. Nf3 Nc6 3. d4 cxd4 4. Nxd4 g6 5. Nc3 Bg7 6. Be3 Nf6 7. Bc4 O-O 8.
Bb3 Ng4 9. Qxg4 Nxd4 10. Qd1 Nxb3 11. axb3 d6 12. Qd2 a6 13. Bh6 Be6 14. h4 f6
15. Bxg7 Kxg7 16. f4 Bg4 17. Nd5 h5 18. O-O Rc8 19. f5 Rc5 20. Nf4 Re5 21. Nxg6
Rxe4 22. Nxf8 Kxf8 23. Rae1 Qb6+ 24. Kh2 Qd4 25. Qxd4 Rxd4 26. Rf2 Rd5 27. Re3
Bxf5 28. c4 Rd3 29. Rxd3 Bxd3 30. Rd2 Be4 31. Kg3 Bf5 32. b4 Bg4 33. c5 dxc5
34. bxc5 Kf7 35. Rd8 Be6 36. Kf4 Kg6 37. Re8 Kf7 38. Rb8 Bd5 39. g4 e5+ 40. Kg3
hxg4 41. Kxg4 Be6+ 42. Kg3 Bd5 43. h5 f5 44. Rd8 Bc6 45. h6 Kg6 46. Rd6+ Kh7
47. Kh4 f4 48. Kg5 f3 49. Rf6 e4 50. Rf7+ Kh8 51. Kf4 Bd5 52. Rf5 Bc6 53. Ke3
Kh7 54. Rf6 Bd5 55. Kd4 Bc6 56. Re6 Kh8 57. Re7 Bb5 58. Rf7 Bc6 59. h7 f2 60.
Rxf2 Kxh7 61. Rg2 Kh6 62. Rg4 Kh5 63. Rxe4 Kg5 64. Re1 Kf5 65. Kc4 Be4 66. Kb4
Ke5 67. Ka5 Kd4 68. Rxe4+ Kxe4 69. Kb6 Kd4 70. b4 Kc4 71. Kxb7 1-0

[Event "7th European Individual Senior Champion."]
[Site "Hockenheim, Germany"]
[Date "2007.06.07"]
[Round "6.23"]
[White "Werner, Clemens"]
[Black "Minz, Michael"]
[Result "0-1"]
[WhiteElo "2295"]
[BlackElo "2159"]
[PlyCount "90"]
[EventDate "2007.??.??"]

1. e4 e6 2. d4 d5 3. Nc3 Nf6 4. e5 Nfd7 5. f4 c5 6. Nf3 a6 7. Be3 g6 8. dxc5
Bxc5 9. Qd2 b5 10. Bxc5 Nxc5 11. b4 Na4 12. Nxa4 bxa4 13. c4 dxc4 14. Qxd8+
Kxd8 15. Rc1 Bb7 16. Kf2 Bxf3 17. Kxf3 Ke7 18. Rxc4 Rd8 19. Be2 Ra7 20. Rd1 Nd7
21. Rd6 Rb8 22. a3 a5 23. bxa5 Rb3+ 24. Rd3 Rxd3+ 25. Bxd3 Rxa5 26. Bc2 Rxe5
27. Rxa4 Rc5 28. Be4 f5 29. Ba8 Rc3+ 30. Kf2 e5 31. fxe5 Nxe5 32. Ra7+ Kd6 33.
h3 f4 34. a4 Rc2+ 35. Kf1 Ra2 36. Be4 Kc5 37. a5 Kd4 38. Ba8 g5 39. Rxh7 Rxa5
40. Rh8 Ke3 41. Kg1 Ra1+ 42. Kh2 g4 43. g3 Kf2 44. Rf8 Nf3+ 45. Bxf3 fxg3# 0-1

[Event "7th European Individual Senior Champion."]
[Site "Hockenheim, Germany"]
[Date "2007.06.07"]
[Round "6.24"]
[White "Serra Olives, Tomas"]
[Black "Fatalibekova, Elena"]
[Result "0-1"]
[WhiteElo "2138"]
[BlackElo "2273"]
[PlyCount "53"]
[EventDate "2007.??.??"]

1. e4 c5 2. Nf3 Nc6 3. d4 cxd4 4. Nxd4 g6 5. c4 Bg7 6. Be3 Nf6 7. Nc3 O-O 8.
Be2 e6 9. O-O d5 10. cxd5 exd5 11. Nxc6 bxc6 12. e5 Nd7 13. f4 Nb6 14. Bd4 f6
15. exf6 Bxf6 16. Rc1 Bd7 17. Bf3 Kg7 18. g3 Re8 19. b3 Bxd4+ 20. Qxd4+ Qf6 21.
Ne2 Rac8 22. Rc5 Qxd4+ 23. Nxd4 Be6 24. Bg2 Kf6 25. Rfc1 Ke7 26. Kf2 Kd6 27.
Nf3 {notations unreadable, 0-1 (51)} 0-1